| 000 | 00523nam a22001937a 4500 | ||
|---|---|---|---|
| 003 | KOHA_MİRAKIL | ||
| 005 | 20251111114250.0 | ||
| 008 | 251111b tu ||||| |||| 00| 0 tur d | ||
| 020 | _a9786054729647 | ||
| 040 |
_aTR-AnABB _btur _cTR-AnABB |
||
| 041 | _atur | ||
| 082 |
_aBEA 2016 _bBeauman, Ned, |
||
| 100 | 1 | _aBeauman, Ned, | |
| 245 | 1 | 0 |
_aGlow / _cNed Beauman |
| 260 |
_aİstanbul : _bDomingo Yayınevi, _c2016 |
||
| 300 |
_a269 sayfa ; _c21 cm |
||
| 650 | 0 | 4 | _aİngiliz edebiyatı, roman |
| 942 |
_2ddc _cBK |
||
| 999 |
_c9341 _d9341 |
||
| 900 | _bGizem YORULMAZ | ||